000 01224cam a22001814a 4500
005 20250605164358.0
008 250528s ||||||||||||||||||||||||d
035 _a24425
040 _aGR-AtMCL
_bgre
_dGR-AtMCL
_eAACR2
245 1 _aΚυκλική Οικονομία / Ένα Νέο Οικονομικό Μοντέλο Βιώσιμης Ανάπτυξης
260 _bΚαινοτομία Έρευνα Και Τεχνολογία,
_c2019
300 _a32
520 _aΜεγάλα Δεδομένα και Νέα Μέσα και Ζητήματα Τεκμηρίωσης: Μαθαίνοντας από Πρωτοπόρα Εγχειρήματα, Το ΕΚΤ Αρωγός των Καλλιτεχνών στη Διαφύλαξη και Ανάδειξη των Αρχείων τους, Και 'Εγένετο Kosmos' και το Διαδικτυακό Περιοδικό του Εθνικού Αστεροσκοπείου Αθηνών, ;She Figures 2018': Μειώνονται Σταδιακά οι Ανισότητες μεταξύ των Φύλων στην Έρευνα και Καινοτομία.
700 1 _aΣαχίνη Εύη
_99352
942 _cCR
999 _c9308
_d9308